00303pab a2200121 454500008004000000100001600040245005900056260000900115300000800124362001000132650002100142773001800163180718b1989 xxu||||| |||| 00| 0 eng d aHorner, Tim aLocal government reformbLinks to public sector reform c1989 a2-8 aSept. aLocal Government aPublic Sector